Score 0/16 Timer 06:00
17 Plays Today
% Correct
You shall not harm Harry Potter
95.6%
Can we panic now?
94.8%
Mad and hairy?
94.3%
Voldemort is my past, present, and future
93%
Help will always be given at Hogwarts
92.2%
I was just sitting in the U-bend
91.4%
This is the end of Hogwarts
90.5%
Immobulus!
89.6%
% Correct
What is the function of a rubber duck?
89.3%
Celebrity is as celebrity does
86.5%
Who are you? And who am I?
86.3%
How dare you steal that car!
85.7%
I didn't know you could read
85.4%
Your scar is legend
85.2%
Oh dear, we are in trouble
71%
Fear of a name
69.6%
Remove Ads.
Support Sporcle.
Get the best of Sporcle when you Go Orange. This ad-free experience offers more features, more stats, and more fun while also helping to support Sporcle. Thank you for becoming a member.

You're not logged in!

Compare scores with friends on all Sporcle quizzes.
OR
Log In

Show Comments

Extras

Top Quizzes Today


Score Distribution

Your Account Isn't Verified!

In order to create a playlist on Sporcle, you need to verify the email address you used during registration. Go to your Sporcle Settings to finish the process.

Report this User

Report this user for behavior that violates our Community Guidelines.

Details: